Espaços métricos
Saved in:
| Main Author: | |
|---|---|
| Format: | Book |
| Language: | Portuguese |
| Published: |
Río de Janeiro, Brasil
Instituto de Matemática Pura e Aplicada
1983
|
| Edition: | 2a. ed |
| Series: | Projeto Euclides
|
| Subjects: | |
| Online Access: | Disponible Online |
| Tags: |
Add Tag
No Tags, Be the first to tag this record!
|
MARC
| LEADER | 00000nam a2200000 a 4500 | ||
|---|---|---|---|
| 001 | UCW0646 | ||
| 003 | CL-VaPUC | ||
| 005 | 20210508001410.0 | ||
| 008 | 880610e19830000BL |||||||||||||||||por|d | ||
| 999 | |c 215721 |d 215719 | ||
| 040 | |c Pontificia Universidad Católica de Valparaíso | ||
| 082 | 0 | 4 | |a 514.3 LIM 1983 |2 21 |
| 100 | |a Lima, Elon Lages |e autor |9 601659 | ||
| 245 | 1 | 0 | |a Espaços métricos |
| 250 | |a 2a. ed | ||
| 260 | |a Río de Janeiro, Brasil |b Instituto de Matemática Pura e Aplicada |c 1983 | ||
| 300 | |a 299 páginas | ||
| 440 | |a Projeto Euclides |9 860844 | ||
| 583 | |a last modification |c 19880610 00:00:00 |k Rodrigo Vera | ||
| 650 | 0 | |a Topología |9 260092 | |
| 650 | 0 | |a Espacios métricos |9 269874 | |
| 856 | |u http://bibliografiadigital.pucv.cl.pucv.idm.oclc.org/index.php/bibliotecapucv/catalog/book/403 |y Disponible Online | ||
| 942 | |c BK |2 ddc | ||
| 945 | |d 19880610 00:00:00 | ||
| 952 | |0 0 |1 0 |2 ddc |4 0 |6 514_300000000000000_LIM_1983 |7 0 |8 A |9 200480 |a BIBMAT |b BIBMAT |d 2019-11-14 |i 1302698 |l 1 |o 514.3 LIM 1983 |p 1302698 |r 2025-01-07 |s 2024-03-15 |w 2019-11-14 |y BK |k MAT | ||
| 952 | |0 0 |1 0 |2 ddc |4 0 |6 514_300000000000000_LIM_1983 |7 0 |8 A |9 200481 |a BIBMAT |b BIBMAT |d 2019-11-14 |i 1309897 |o 514.3 LIM 1983 |p 1309897 |r 2025-01-07 |w 2019-11-14 |y BK |k MAT | ||
| 952 | |0 0 |1 0 |2 ddc |4 0 |6 514_300000000000000_LIM_1983 |7 0 |8 A |9 200482 |a BIBMAT |b BIBMAT |d 2019-11-14 |i 1309846 |l 1 |o 514.3 LIM 1983 |p 1309846 |r 2025-01-07 |s 2024-03-22 |w 2019-11-14 |y BK |k MAT | ||
| 952 | |0 0 |1 0 |2 ddc |4 0 |6 514_300000000000000_LIM_1983 |7 0 |8 A |9 200483 |a BIBMAT |b BIBMAT |d 2019-11-14 |i 2108534 |l 2 |o 514.3 LIM 1983 |p 2108534 |r 2025-01-07 |s 2024-05-02 |w 2019-11-14 |y BK |k MAT | ||
| 952 | |0 0 |1 0 |2 ddc |4 0 |6 514_300000000000000_LIM_1983 |7 0 |8 A |9 200484 |a BIBMAT |b BIBMAT |d 2019-11-14 |i 2677520 |l 6 |m 1 |o 514.3 LIM 1983 |p 2677520 |r 2025-01-07 |s 2024-06-03 |w 2019-11-14 |y BK |k MAT | ||